La rectificación / (Record no. 197976)

MARC details
000 -LEADER
campo de control de longitud fija 01246nam a2200337 i 4500
001 - NÚMERO DE CONTROL
campo de control 197976
003 - IDENTIFICADOR DE NÚMERO DE CONTROL
campo de control ES-MaACL
005 - FECHA Y HORA DE LA ÚLTIMA TRANSACCIÓN
campo de control 20260222063015.0
007 - CAMPO FIJO DE DESCRIPCIÓN FÍSICA--INFORMACIÓN GENERAL
campo de control de longitud fija ta
008 - DATOS DE LONGITUD FIJA--INFORMACIÓN GENERAL
campo de control de longitud fija 251124s2025 sp a ||||| 001 1 spa d
017 ## - NÚMERO DE COPYRIGHT O DE DEPÓSITO LEGAL
Número de copyright o de depósito legal SG 87-2025
Agencia que asigna Oficina Depósito Legal Segovia
020 ## - NÚMERO INTERNACIONAL ESTÁNDAR DEL LIBRO
Número Internacional Estándar del Libro 978-84-125130-2-8
040 ## - FUENTE DE CATALOGACIÓN
Centro catalogador/agencia de origen ES-MaACL
Lengua de catalogación spa
Centro/agencia transcriptor ES-MaACL
Normas de descripción rda
080 ## - NÚMERO DE LA CLASIFICACIÓN DECIMAL UNIVERSAL
Número de la Clasificación Decimal Universal 821.134.2-31"19"
100 1# - ENTRADA PRINCIPAL--NOMBRE DE PERSONA
Nombre de persona Muñoz, Adolfo
9 (RLIN) 242534
Relación aut
Término indicativo de función/relación Autor
245 13 - MENCIÓN DEL TÍTULO
Título La rectificación /
Mención de responsabilidad, etc. Adolfo Muñoz
250 ## - MENCION DE EDICION
Mención de edición 1ª edición, Segovia, junio 2025
264 #1 - PRODUCCIÓN, PUBLICACIÓN, DISTRIBUCIÓN, FABRICACIÓN Y COPYRIGHT
Producción, publicación, distribución, fabricación y copyright Segovia :
Nombre del de productor, editor, distribuidor, fabricante Isla del náufrago,
Fecha de producción, publicación, distribución, fabricación o copyright 2025
300 ## - DESCRIPCIÓN FÍSICA
Extensión 399 páginas :
Otras características físicas ilustraciones ;
Dimensiones 21 cm
336 ## - TIPO DE CONTENIDO
Término de tipo de contenido texto
Fuente rdacontent
337 ## - TIPO DE MEDIO
Nombre/término del tipo de medio sin mediación
Fuente rdamedia
338 ## - TIPO DE SOPORTE
Nombre/término del tipo de soporte volumen
Fuente rdacarrier
500 ## - NOTA GENERAL
Nota general Ejemplar firmado y dedicado por el autor
500 ## - NOTA GENERAL
Nota general Índice
655 #4 - TERMINO DE INDIZACIÓN--GENERO/FORMA
9 (RLIN) 226781
Datos o término principal de género/forma Novelas de guerra
852 ## - LOCALIZACIÓN
Ubicación ES-MaACL
Ubicación en estantería Depósito 1
Número de control de estantería A-15958
Anotaciones manuscritas Dedicatoria autógrafa de autor
Donativo/Legado Donación: Adolfo Muñoz
Encuadernación Encuadernación rústica con solapas
itemnumber 207090
942 ## - ELEMENTOS DE ENTRADA SECUNDARIOS (KOHA)
Tipo de ítem Koha Libro impreso
Suprimir en OPAC No
Holdings
Estatus retirado Estado de pérdida Fuente del sistema de clasificación o colocación Estado de daño No para préstamo Colección Biblioteca de origen Biblioteca actual Ubicación en estantería Fecha de adquisición Fuente de adquisición Total de préstamos Signatura topográfica completa Código de barras Visto por última vez Precio de reemplazo Tipo de ítem Koha Nota pública
    Clasificación decimal universal     Libros con dedicatorias Biblioteca del Ateneo de Madrid Biblioteca del Ateneo de Madrid Depósito 1 24/11/2025 Donación   A-15958 2026-0083 20/02/2026 20/02/2026 Libro impreso Dedicatoria autógrafa del autor